O clube das chaves descobre uma estrela (Registo nº 1242)

Detalhes MARC
000 -Etiqueta do registo
Cabeçalho 00946nam0a2200289 4500
005 - Identificador da versão
Campo de controlo 20240813121830.0
095 ## -
-- PTBN00358800
010 ## - Número internacional normalizado dos livros (ISBN)
Número (ISBN) 9722213679
021 ## - Número do Depósito Legal
Código do país PT
Número 160354/01
100 ## - Dados gerais de processamento
Dados gerais de processamento 20150814d2001 cd y0pory5003 ba
102 ## - Pais de publicação ou produção
País de publicação Portugal
101 0# - Língua de publicação
Língua do texto, banda sonora, etc. Português
215 ## - Descrição física 
Indicação específica da natureza do documento e extensão da espécie 165, [10] p.
Outras indicações físicas il.
200 1# - Titulo e menção de responsabilidade
Título próprio O clube das chaves descobre uma estrela
Primeira menção de responsabilidade Maria Teresa Maia Gonzalez, Maria do Rosário Pedreira
Outras menções de responsabilidade il. Luís Anglin
225 2# - Colecção 
Título próprio da colecção Ó clube das chaves
Indicação de volume 5
205 ## - Menção da edição
Menção da edição 6ª ed
210 ## - Publicação, Distribuição, etc. 
Lugar da edição, distribuição, etc. Lisboa
Nome do editor, distribuidor, etc. Verbo
Data da publicação, distribuição, etc. D. L. 2001
606 ## - Nome comum usado como assunto
Número de registo de entrada de autoridade 0002112
Palavra de ordem Literatura portuguesa
Subdivisão de assunto Romances de aventuras
Código do sistema CA
675 ## - Classificação Decimal Universal (CDU)
Notação 821.134.3-311.3
Edição 3ª ed.
Língua da edição por
702 #1 - Nome de autor-pessoa física (responsabilidade secundária)
Número de registo de entrada de autoridade 0001740
Palavra de ordem Anglin
Outra parte do nome não tomada para palavra de ordem Luís
Código de função Ilustrador / Técnico de desenho computorizado
701 #1 - Nome de autor-pessoa física (co-responsabilidade principal)
Palavra de ordem Pedreira
Outra parte do nome não tomada para palavra de ordem Maria do Rosário
Elementos de identificação ou distinção e outro
Datas 1959-
Código de função Autor / Co-autor
700 #1 - Nome de autor-pessoa física (responsabilidade principal)
Número de registo de entrada de autoridade 0002460
Palavra de ordem Gonzalez
Outra parte do nome não tomada para palavra de ordem Maria Teresa Maia
Elementos de identificação ou distinção e outro
Datas 1958-
966 ## - Identificação da Biblioteca
Sigla EB2,3ENM
942 ## - Elementos de entrada adicionados (Koha)
Tipo de item no Koha Livro
Exemplares
Situação do levantamento Origin of item (home branch) (coded) Biblioteca de empréstimo Código de barras Cota Circulation type (not for loan) Tipo de documento Nota do exemplar Damaged status
  Biblioteca Escolar Eng. Nuno Mergulhão Biblioteca Escolar Eng. Nuno Mergulhão BENM2598 82LP-3 GON   Livro Sem mensagem